000 00580nam a2200229 a 4500
003 AR-BaBNM
005 20251128210552.0
008 082120s2002 ||||||||||||||000 | spa||
020 _a0-582-08539-X
040 _cAR-BaBNM
100 1 _aO'Neill, Robert
245 0 0 _aEnglish works 1
_bstudents' book
250 _a1st ed.
260 _aEdinburgh
_bLongman
_c1998
300 _a96 p.
_btablas, il., gráfs.
650 4 _aENSEÑANZA DE IDIOMAS
650 4 _aINGLES
650 4 _aACTIVIDADES DE APRENDIZAJE
650 4 _aLIBROS DE TEXTO
942 _cBK
998 _cRAQUEL
999 _c15982
_d15982